000 00567nam a2200193Ia 4500
005 20250508152631.0
008 008 250505s9999 xx 000 0 hin d
037 _aTextual
040 _aFEDL
_beng
_cFEDL
041 _ahin
_2eng
084 _a891.209, GAR
_qFEDL
100 _aGarola Vachaspati
_9762032
245 0 _aSanskrit sahitya ka itihas
260 _aVaranasi, India
_bChwokhamba Vidyabhawan
_c1960
300 _a1057p.
490 _aVidya bhawan rastra bhasha granth mala
942 _cTEXL
_h891.209, GAR
999 _c1337726
_d1337726